000 00577nam a2200205 i 4500
001 137103
003 ES-MaACL
005 20230906195318.0
007 t|
008 070214s1965 sp af |||| |dspa d
100 1 _aOpisso, Ricard.
_9145624
245 1 0 _aOpisso
_b: álbum /
_cTomás Salvador.
260 _aBarcelona :
_bMarte,
_c1965.
300 _a7 h., 94 lám. :
_bil. ;
_c21 cm.
490 1 _aEl arte a la pata coja
700 1 _aSalvador, Tomás.
_9102080
830 0 _aEl arte a la pata coja
_9182526
852 _aES-MaACL
_jC-29789
999 _c137103
_d137103